Countries That End With Y - One Minute Sprint - Statistics

General Stats
  • This quiz has been taken 47 times
  • The average score is 5 of 8
Answer Stats
country % Correct
Germany
82%
Hungary
74%
Italy
72%
Norway
72%
Paraguay
72%
Uruguay
72%
Turkey
56%
Vatican City
49%
No matching quizzes found
Score Distribution
Percent of People with Each Score
Percentile by Number Answered
Your Score History
You have not taken this quiz